The complete little ones : his shortest poems /

Bibliographic Details
Main Author: Ewart, Gavin
Format: Book
Language:English
Published: London : Hutchinson, 1986.
Series:Hutchinson poets.

MARC

Tag First Indicator Second Indicator Subfields
LEADER 00000cam a2200000 a 4500
001 in00000032092
005 20151007055035.0
008 870618s1986 enk 00010 eng
010 |a  87149673  
020 |a 0091673119 :  |c £6.95 (pbk.) 
035 |a (OCoLC)16758840 
035 |9 AAB7056AM 
040 |a DLC  |c DLC  |d TXA  |d UtOrBLW 
049 |a TXAM  |c [A11073704] 
050 0 0 |a PR6055.W3  |b C6 1986 
051 |a PR6055.W3  |b C6 1986  |c Copy 2. 
082 0 |a 821/.914  |2 19 
100 1 |a Ewart, Gavin. 
245 1 4 |a The complete little ones :  |b his shortest poems /  |c Gavin Ewart. 
264 1 |a London :  |b Hutchinson,  |c 1986. 
300 |a 118 pages ;  |c 22 cm. 
336 |a text  |b txt  |2 rdacontent 
337 |a unmediated  |b n  |2 rdamedia 
338 |a volume  |b nc  |2 rdacarrier 
490 1 |a Hutchinson poets 
830 0 |a Hutchinson poets. 
999 |a MARS 
999 f f |s 958a9a98-46f7-3839-be9b-00dcc9eb9da0  |i 6f5d71ca-4486-31a6-922b-c8ecbf469bf9  |t 0 
952 f f |p normal  |a Texas A&M University  |b College Station  |c Sterling C. Evans Library  |d Evans: Library Stacks  |t 0  |e PR6055.W3 C6 1986  |h Library of Congress classification  |i unmediated -- volume  |m A14811073704 
998 f f |a PR6055.W3 C6 1986  |t 0  |l Evans: Library Stacks